000
00349 a2200169 4500
001
190489
020
_a
978-852626034-4
040
_c
Magnum
100
_a
Alencar, José de
240
1
0
_a
O guarani
_l
por
245
1
0
_a
O guarani
300
_a
48
362
0
_a
2007
440
1
_a
Scipione
697
_a
LITERATURA INFANTO-JUVENIL
942
_c
BK
999
_c
190489
_d
190489